Rwanda : an agenda for international action (Record no. 184890)
[ view plain ]
| 000 -LEADER | |
|---|---|
| fixed length control field | 00287nam a2200097Ia 4500 |
| 082 ## - DEWEY DECIMAL CLASSIFICATION NUMBER | |
| Classification number | 320.967571 VAS |
| 008 - FIXED-LENGTH DATA ELEMENTS--GENERAL INFORMATION | |
| fixed length control field | 210817s9999 xx 000 0 und d |
| 100 ## - MAIN ENTRY--PERSONAL NAME | |
| Personal name | ROSS, Fiona C. Claremont, South Africa, 2010 |
| 245 #0 - TITLE STATEMENT | |
| Title | Rwanda : an agenda for international action |
| 942 ## - ADDED ENTRY ELEMENTS | |
| item type | Books |
| Withdrawn status | Lost status | Damaged status | Not for loan | Home library | Current library | Date acquired | Cost, normal purchase price | Total Checkouts | Barcode | Date last seen | Price effective from | item type |
|---|---|---|---|---|---|---|---|---|---|---|---|---|
| Jeremiah Madonsela Public Library | Jeremiah Madonsela Public Library | 18.08.2021 | 36.00 | 33228018072783 | 18.08.2021 | 18.08.2021 | Books |